000 00294nam a22001217a 4500
040 _crua
082 _a519 JOH 2001 C220 Or.
100 _a Montgomery, Douglas C.
245 _aDesign and analysis of experiments
260 _aphnom penh
_brua
_c2003
300 _axii.680p.
_bill.
942 _cREC
999 _c21574
_d21574